000 00303nam a2200133Ia 4500
008 191201s2006 xx 000 0 und d
082 _a658.562
_bBEQ
100 _aBedi, Kanishka
245 0 _aQuality Management
260 _aN.Delhi
_bOxford
_c2006
300 _a712
650 _aMBA
942 _2ddc
_cBK
999 _c2649
_d2649